Online Catalogue and eLibrary

Turning Dangers into Opportunities: (Record no. 1613)

MARC details
000 -LEADER
fixed length control field 00479nam a2200181Ia 4500
005 - DATE AND TIME OF LATEST TRANSACTION
control field 20250117061243.0
008 - FIXED-LENGTH DATA ELEMENTS--GENERAL INFORMATION
fixed length control field 240331s9999 xx 000 0 und d
082 ## - DDC Classification
Item Number - Author Mark KAM
DDC Edition Number 4833
Class No. 305.3
100 ## - MAIN ENTRY--PERSONAL NAME
Personal name Bhasin, K
100 ## - MAIN ENTRY--PERSONAL NAME
Personal name Thapar, B
245 #0 - TITLE STATEMENT
Title Turning Dangers into Opportunities:
Remainder of title Young People and HIV/AIDS in South Asia
260 ## - PUBLICATION, DISTRIBUTION, ETC.
Place of publication, distribution, etc. New Delhi
Name of publisher, distributor, etc. Jagori
Date of publication, distribution, etc. 2003
300 ## - PHYSICAL DESCRIPTION
Extent (e.g. Volumes, Pages etc.) x, 82 p., (C III)
650 ## - SUBJECT ADDED ENTRY--TOPICAL TERM
Topical term or geographic name entry element Youth
650 ## - SUBJECT ADDED ENTRY--TOPICAL TERM
Topical term or geographic name entry element South Asia
650 ## - SUBJECT ADDED ENTRY--TOPICAL TERM
Topical term or geographic name entry element HIV/AIDS
942 ## - Koha item type (Biblio)
Koha item type Books in Stacks (Lending)
Holdings
Lost status Damaged status Collection code Home library Current library Shelving location Date acquired Full call number Accession Number Item type
    Lending WERC Library WERC Library Social Science Cupboard 03/31/2024 305.3 BHA 4833 Books in Stacks (Lending)

© WERC Library